Manual de teoría archivística y glosario (Registro nro. 5227)
[ vista simple ]
| 000 -CABECERA | |
|---|---|
| campo de control de longitud fija | 00444aam a2200169 4500 |
| 005 - FECHA Y HORA DE ACTUALIZACIÓN | |
| campo de control | 20170302143631.0 |
| 008 - LONGITUD FIJA | |
| campo de control de longitud fija | 150507b xxu||||| |||| 00| 0 spa d |
| 041 ## - IDIOMA | |
| Código de idioma del texto/pista de sonido o título separado | |
| 082 ## - CLASIFICACIÓN DECIMAL DEWEY | |
| Número de clasificación | 651.53 R922m |
| 100 ## - AUTOR PERSONAL | |
| Nombre de persona | Rufeil, Marta Z |
| 245 ## - TÍTULO PROPIAMENTE DICHO | |
| Título | Manual de teoría archivística y glosario |
| 260 ## - PIE DE IMPRENTA | |
| Nombre del editor, distribuidor, etc. | Brujas |
| Lugar de publicación, distribución, etc. | Argentina |
| Fecha de publicación, distribución, etc. | 2009 |
| 300 ## - DESCRIPCIÓN FÍSICA | |
| Extensión | 252 páginas |
| 650 ## - Materia General | |
| Materia general | ARCHIVÍSTICA |
| 650 ## - Materia General | |
| Materia general | ARCHIVOLOGÍA |
| 942 ## - Punto de Acceso Adicional Koha | |
| Tipo de ítem Koha | Libro |
| Estado perdido | Estado dañado | No para préstamo | Biblioteca permanente | Biblioteca actual | Signatura completa | Código de barras | Tipo de ítem | Precio efectivo a partir del |
|---|---|---|---|---|---|---|---|---|
| Departamento de Biblioteca y Documentación Alfonso Chase Brenes | Departamento de Biblioteca y Documentación Alfonso Chase Brenes | 651.53 R922m | 19577 | Libro | ||||
| Departamento de Biblioteca y Documentación Alfonso Chase Brenes | Departamento de Biblioteca y Documentación Alfonso Chase Brenes | 651.53 R922m | 19462 | Libro | 02/03/2017 |